| 000 | 03387nam a22004937a 4500 | ||
|---|---|---|---|
| 001 | B-265586-603 | ||
| 003 | dpl | ||
| 005 | 20080711163620.0 | ||
| 008 | 080530t xxu||||| |||| 00| 0 eng d | ||
| 010 | _aB-265586-603 | ||
| 020 |
_a0340894687 _c85.00 |
||
| 035 | _aB-265586-603 | ||
| 037 |
_a4452 / 8.5.08 _bBlue Berry/8.5.08/5/8.4.08/5.6.08/85.00/ |
||
| 040 |
_aDPL _bEN |
||
| 082 | _aS | ||
| 100 | _aBlyton, Enid | ||
| 245 |
_aFive on a secret trail / _cby Enid Blyton |
||
| 260 |
_aLondon _bHodder Headline _c2004 |
||
| 260 |
_bBlue Berry (Vender) _c2004 |
||
| 270 |
_bLondon _a338 Euston Road, |
||
| 300 |
_a232p. _c18 cm (Hb) |
||
| 490 | _aThe famous five 15 | ||
| 942 |
_2ddc _cCH _hS _mBLY |
||
| 999 |
_c13174 _d13174 |
||